000 00729nam a2200301Ia 4500
008 210210b2008 xxu||||| |||| 00| 0 eng d
020 _a8178242184
041 _aeng
082 _a338.04092 DAMI
100 _aDAMODARAN (Harish)
245 _aIndias new capitalists: Caste, business, and industry in a modern nation
260 _aRanikhet
_bPermanent Black
_c2008
300 _axxiii--341
650 _anew
650 _anation
650 _amodern
650 _aindustry
650 _aIndias
650 _ain
650 _aCaste,
650 _acapitalists:
650 _abusiness,
650 _aBusiness families
650 _aand
650 _aa
690 _aProduction Economics
906 _a063252
999 _c136423
_d136423